Welsh terms borrowed from Latin - Statistics

General Stats
  • This quiz has been taken 291 times
  • The average score is 13 of 18
Answer Stats
Hint Answer % Correct
Awstria Austria
98%
Affrig Africa
96%
nymff nymph
96%
rabi rabbi
96%
trindod trinity
93%
pupur pepper
91%
turtur turtle dove
87%
cemeg chemistry
80%
cyffesgell confessional
78%
estyn extend
78%
ffaith fact
62%
pader lord's prayer
61%
colur makeup
60%
cawell cradle
59%
mantell cloak
51%
degwm tenth
48%
crai crude
39%
tafol dock
20%
No matching quizzes found
Score Distribution
Percent of People with Each Score
Percentile by Number Answered
Your Score History
You have not taken this quiz